00489nam a2200193 a 4500001001300000003000900013005001700022008004100039020001000080082001500090100001700105245002800122260003300150300000900183500003500192505001900227650003200246700001700278nice12345678IN_TiNIC20260116011719.0050524s0000 egya grp 000 0 ara  ac10000a235.2bSAE aSaeed, Habib aSiratul Rasoolul Jihad. aEgyptbMaktaba-E-ilmiac0000 a288p aincludes index and biblioraphy2 aReserve copies aSaints-Christianity-St.Paul1 aSaeed, Habib